Povrchové kalenie materiálu 12050 a 14120.9 laserom : Diplomová práca

Guardado en:
Detalles Bibliográficos
Autor principal: Benko, Boris (Autor)
Otros Autores: Koseček, Miroslav (xxx)
Formato: Manuscrito Libro
Lenguaje:eslovaco
Publicado: Trnava : SVŠT v Bratislave StF KNoM, 1989
Materias:
Etiquetas: Agregar Etiqueta
Sin Etiquetas, Sea el primero en etiquetar este registro!

MARC

LEADER 00000ntm a22000003a 4500
001 stu106283
005 20160719162737.4
008 060131s1989----cs------------------slo-d
040 |a STU  |b slo 
041 0 |a slo 
044 |a cs 
100 1 |a Benko, Boris  |4 aut 
245 1 |a Povrchové kalenie materiálu 12050 a 14120.9 laserom :  |b Diplomová práca 
260 |a Trnava :  |b SVŠT v Bratislave StF KNoM,  |c 1989 
300 |a 61 s 
650 7 |a strojárenské technológie  |2 stusub 
700 1 |a Koseček, Miroslav  |4 xxx